Charles Aznavour - discographie française - Statistiques

Statistiques générales
  • Ce quiz a été pris 38 fois
    3 depuis la dernière actualisation
  • Le résultat moyen est 37 sur 456
Statistiques - réponses
Année Titre % Correct
1965 La bohème
100%
1967 Emmenez-moi
100%
1960 Je m'voyais déjà
100%
1963 For me... formidable
100%
1961 Il faut savoir
100%
1972 Comme ils disent
100%
1969 Désormais
100%
1963 La mamma
100%
1978 Un enfant est né
67%
1994 Toi et moi
67%
1972 Idiote je t'aime
67%
1960 Les deux guitares
67%
1987 Je bois
67%
1958 C'est ça
67%
1964 Que c'est triste Venise
67%
1976 Voilà que tu reviens
67%
1978 Je n'ai pas vu le temps passer
67%
1982 Je fais comme si
67%
1964 Hier encore
67%
1966 Parce que tu crois
67%
1976 Mes emmerdes
67%
2003 Je voyage
67%
2025 Que c'est joli Venise
67%
1954 Parce que
67%
1971 Non, je n'ai rien oublié
67%
1963 Qui ?
67%
1955 Toi
67%
1966 De t'avoir aimée
67%
1986 Embrasse-moi
67%
1980 Autobiographie
33%
1955 Sur ma vie
33%
2015 Les petits pains au chocolat
33%
1967 Tout s'en va
33%
1948 Boule de gomme
33%
1962 Trousse-chemise
33%
1957 L'amour à fleur de cœur
33%
1981 Une vie d'amour
33%
1948 Départ-express
33%
1963 Et pourtant
33%
1982 La légende de Stenka Razine
33%
1987 L'aiguille
33%
1963 Ô toi la vie
33%
1952 Plus bleu que tes yeux
33%
1952 Jézébel
33%
1969 L'amour
33%
2011 Les jours
33%
1956 Sa jeunesse... entre ses mains
33%
1955 Ça
33%
1959 J'en déduis que je t'aime
33%
1955 Une enfant
33%
1986 Les émigrants tous ensemble
33%
2015 T'aimer
33%
1954 Je veux te dire adieu
33%
1948 Le feutre taupé
33%
1963 Je t'attends
33%
2007 Colore ma vie
33%
2000 Quand tu m'aimes
33%
1980 Mon ami, mon Judas
33%
1967 Yerushalaïm
33%
1986 Déjà
33%
1971 Mourir d'aimer
33%
2011 {Elle} (en duo avec Thomas DUTRONC)
33%
1966 Et moi dans mon coin
33%
1970 Les jours heureux
33%
1958 Il y avait
33%
1952 Oublie Loulou
33%
1953 Couchés dans le foin
33%
1982 Une première danse
33%
1977 Camarade
33%
1962 L'amour c'est comme un jour
33%
1986 Toi contre moi
33%
1960 Tu t'laisses aller
33%
1962 Les comédiens
33%
2003 On s'éveille à la vie
0%
2003 Lisboa
0%
1986 Tu nages en plein délire
0%
2005 Un monde à nous
0%
1959 Tant que l'on s'aimera
0%
1957 J'ai appris alors
0%
1954 Ah!
0%
1991 Dix ans trop tôt
0%
1966 Ma mie
0%
2000 Nos avocats
0%
1967 Je reviens Fanny
0%
1965 Et je vais
0%
1953 Et bâiller et dormir
0%
2003 Des mots
0%
1961 Avec ces yeux-là
0%
1954 L'émigrant
0%
1977 J'ai vu Paris
0%
1994 Trênetement
0%
2007 Oui
0%
2003 La critique
0%
1963 Tu veux
0%
1962 Notre amour nous ressemble
0%
1978 Comment c'est fait la neige
0%
2011 Ce printemps-là
0%
1997 Nous nous reverrons un jour ou l'autre
0%
2007 Moi, je vis en banlieue
0%
1977 La chanson du faubourg
0%
1958 Ce sacré piano
0%
1956 Parti avec un autre amour
0%
1976 Par gourmandise
0%
1963 Le temps des caresses
0%
1960 C'n'est pas nécessairement ça
0%
1960 Monsieur est mort
0%
1994 Ton doux visage
0%
1965 Plus rien
0%
1955 Le palais de nos chimères
0%
1961 Esperanza
0%
1963 Dors
0%
1973 Nous irons à Vérone
0%
1988 Inoubliable Genève
0%
1960 Tu vis ta vie mon cœur
0%
2000 De la scène à la Seine
0%
1980 Je fantasme
0%
1962 Tu n'as plus
0%
1952 Quand elle chante
0%
1978 Dieu
0%
2000 On m'a donné
0%
1982 La dispute
0%
1951 Je hais les dimanches
0%
1987 Je ne ferai pas mes adieux
0%
1954 Moi j'fais mon rond
0%
1974 Je meurs de toi
0%
1957 Bal du faubourg
0%
1975 Tes yeux, mes yeux
0%
1997 Gitana gitana
0%
1967 Entre nous
0%
2000 Habillez-vous
0%
1959 Pourquoi viens-tu si tard ?
0%
1963 Les aventuriers
0%
1982 Je ne suis pas guéri de mes années d'enfance
0%
1969 Je n'oublierai jamais
0%
1961 Lucie
0%
1967 Les vertes années
0%
2003 Il y a des trains
0%
1960 Tu étais trop jolie
0%
1964 Toi et tes yeux d'enfant
0%
1978 Ave Maria
0%
1955 Prends garde à toi
0%
2003 Dans le feu de mon âme
0%
1964 Chaque fois que j'aime
0%
1963 Donne tes seize ans
0%
1986 Rouler
0%
1965 Isabelle
0%
1982 Comme nous
0%
1987 Je t'aime tant
0%
1978 Noël au saloon
0%
1991 L'album de toi
0%
1969 Alors je dérive
0%
1969 La lumière
0%
2000 Qu'avons-nous fait de nos vingt ans ?
0%
2011 Flamenca flamenco
0%
1960 L'amour et la guerre
0%
1956 Vivre avec toi
0%
2005 L'amour fait mal
0%
2011 L'instinct du chasseur
0%
2007 J'abdiquerai
0%
1958 Je te donnerai
0%
1964 Il te suffisait que je t'aime
0%
1956 L'amour a fait de moi
0%
1983 Lorsque mon cœur sera
0%
1997 Au piano bar
0%
2005 Laissez-le vivre
0%
1971 Un par un
0%
1972 L'indifférence
0%
1983 L'enfant maquillé
0%
1966 Il fallait bien
0%
1986 Une idée
0%
1964 Quand j'en aurai assez
0%
1965 Le toréador
0%
1953 Intoxiqué
0%
1956 Merci mon Dieu
0%
1974 Hosanna
0%
2011 Viens m'emporter
0%
1994 Inoubliable
0%
2007 La fête est finie
0%
1961 Ne crois surtout pas
0%
1980 Mon émouvant amour
0%
1968 Comme une maladie
0%
1963 Tu exagères
0%
1971 L'instant présent
0%
1974 Un enfant de toi pour Noël
0%
2003 Être quelqu'un de différent
0%
1982 Un million de fois
0%
2000 J'ai peur
0%
1967 Un jour
0%
1966 Sarah
0%
1987 La saudade
0%
1957 Pour faire une jam
0%
1965 Je ne crois pas
0%
1991 L'amiral
0%
1965 Reste
0%
1965 Sophie
0%
1961 Voilà que ça recommence
0%
2007 Il y a des femmes
0%
1976 Merci madame la vie
0%
1964 Je t'aimais tant
0%
1964 Je te réchaufferai
0%
1982 Quand Venise s'éveille
0%
1994 L'âge d'aimer
0%
2011 La vie est faite de hasard
0%
1948 J'ai bu
0%
1964 Le temps
0%
1987 Les bâteaux sont partis
0%
1997 Les images de la vie
0%
2005 Oh douce et tendre mère
0%
1997 Le droit des femmes
0%
1958 À tout jamais
0%
1952 Si j'avais un piano
0%
1991 Je te regarde
0%
1972 Ton nom
0%
1953 À propos de pommier
0%
1960 L'enfant prodigue
0%
1982 Viens, donne-nous la main
0%
1954 Viens pleurer au creux de mon épaule
0%
1960 Rendez-vous à Brasilia
0%
1958 Je ne peux pas rentrer chez moi
0%
1986 Belle belle dis
0%
1987 Je rentre chez nous
0%
1978 Noël d'autrefois
0%
1954 Les chercheurs d'or
0%
1954 Heureux avec des riens
0%
1997 De déraison en déraison
0%
1972 À ma femme
0%
1958 Ma main a besoin de ta main
0%
2005 Et peindre
0%
1979 Rien moins que t'aimer
0%
1963 Ne dis rien
0%
1971 Partir
0%
1997 Avant de t'aimer
0%
2009 Fier de nous
0%
1983 La salle et la terrasse
0%
1953 Mé qué, mé qué
0%
1982 L'amour nous emporte
0%
1967 Tu étais toi
0%
1960 La nuit
0%
1949 Les cris de ma ville
0%
1954 Je t'aime comme ça
0%
1965 Quelque chose ou quelqu'un
0%
1961 J'ai tort
0%
1980 Allez! Vaï Marseille
0%
1957 Ay! Mourir pour toi
0%
1953 Viens
0%
1966 Paris au mois d'août
0%
1967 J'aimerais
0%
2007 T'en souvient-il ?
0%
2005 {Cancan} (en duo avec Serge LAMA)
0%
1997 Ce métier
0%
1969 Quand et puis pourquoi
0%
1954 La bagarre
0%
1948 Voyez, c'est le printemps
0%
1978 Noël à Paris
0%
1955 Le chemin de l'éternité
0%
2015 Sonnez les cloches
0%
1975 Ils sont tombés
0%
1978 Papa Calypso
0%
1965 Au printemps tu reviendras
0%
1967 Éteins la lumière
0%
1958 Ton beau visage
0%
1952 Poker
0%
2005 Moi
0%
1958 De ville en ville
0%
1954 À t'regarder
0%
1960 Ce jour tant attendu
0%
1969 Marie l'orpheline
0%
2011 J'ai connu
0%
1960 Plus heureux que moi
0%
1987 Quand tu dors près de moi
0%
1986 La maison hantée
0%
1968 Au nom de la jeunesse
0%
1961 Noël des mages
0%
2015 La maison rose
0%
1978 Un corps
0%
1960 Fraternité
0%
1962 Alléluia
0%
1973 On n'a plus quinze ans
0%
1958 La ville
0%
1968 Caroline
0%
2007 Fado
0%
1983 Le trèfle à quatre feuilles
0%
1964 Le monde est sous nos pas
0%
1966 Pour essayer de faire une chanson
0%
1991 Vous et tu
0%
1983 La mer à boire
0%
1963 Jolies mômes de mon quartier
0%
1997 Les Caraïbes
0%
1982 T'es ma terre, mon pays
0%
1976 Ciao mon cœur
0%
2015 Avec un brin de nostalgie
0%
1972 Je t'aime
0%
1968 Si j'avais des millions
0%
1994 Va-t-en
0%
1965 C'est fini
0%
1994 Un concerto déconcertant
0%
1978 Retiens la nuit
0%
1969 Les faux
0%
2011 Des coups de poing
0%
1997 Amour amer
0%
2011 Va
0%
2005 {Sans limite} (en duo avec Serge LAMA)
0%
1969 Comme l'eau, le feu, le vent
0%
1964 À ma fille
0%
2003 Orphelin de toi
0%
1972 On se réveillera
0%
1983 Je n'attendais que toi
0%
1960 Prends le chorus
0%
1978 Je ne comprends pas
0%
1991 Napoli chante
0%
1972 Mon vieux complet
0%
2015 Mon amour je te porte en moi
0%
1963 Il viendra ce jour
0%
1997 Ma dernière chanson pour toi
0%
1982 Nous n'avons pas d'enfant
0%
1949 Retour
0%
1963 Si tu m'emportes
0%
1960 Comme des étrangers
0%
1965 Ça vient sans qu'on y pense
0%
1997 La Yiddishe mamma
0%
2015 Chez Fanny
0%
2005 Vive la vie
0%
2005 Buvons
0%
1959 Mon amour protège-moi
0%
1967 Adieu
0%
2015 De la Môme à Édith
0%
1955 Terre nouvelle
0%
2015 Ma vie sans toi
0%
1964 Que Dieu me garde
0%
1983 L'œil du singe
0%
1955 Rentre chez toi et pleure
0%
1964 Avec
0%
1961 Le carillonneur
0%
1966 La route
0%
1958 Donne, donne moi ton cœur
0%
1968 On a toujours le temps
0%
1978 Les amours médicales
0%
2000 Je ne savais pas
0%
2011 Que j'aime j'aime ça
0%
1954 Je voudrais
0%
1969 S'il y avait une autre toi
0%
1982 Un été sans toi
0%
1965 Aime-moi
0%
1983 La planète où mourir
0%
2000 Elle a le swing au corps
0%
1991 La marguerite
0%
1974 La baraka
0%
1959 Gosse de Paris
0%
1997 Les enfants
0%
1954 Monsieur Jonas
0%
2005 Le souffle de ma vie
0%
1976 Slowly
0%
1957 Si je n'avais plus
0%
1977 Ne t'en fais pas
0%
1986 De moins en moins
0%
1971 Ma vie, ô ma vie
0%
1956 J'entends ta voix
0%
1997 Dis-moi que tu m'aimes
0%
2015 Et moi je reste là
0%
2007 Avant, pendant, après
0%
2000 La formule Un
0%
2000 Dans tes bras
0%
1991 Je n'aurais pas cru ça de toi
0%
1969 Y avait donc pas de quoi
0%
1970 Avec toi
0%
1962 Au rythme de mon cœur
0%
1964 Le jour se lève
0%
1966 Je l'aimerai toujours
0%
1966 Sur le chemin du retour
0%
1963 Sylvie
0%
2015 Des ténèbres à la lumière
0%
1974 Tous les visages de l'amour
0%
1960 J'ai perdu la tête
0%
1982 Ma mémoire
0%
1971 J'ai vécu
0%
1961 La marche des anges
0%
1986 Je me raccroche à toi
0%
1957 C'est merveilleux l'amour
0%
1994 Je t'aime, A.I.M.E
0%
1960 Quand tu vas revenir
0%
1960 Dis-moi
0%
2003 Je n'entends rien
0%
1994 À ma manière
0%
1957 Sur la table
0%
1983 Un bel incendie
0%
1973 Mon amour on se retrouvera
0%
1980 L'amour, bon Dieu l'amour
0%
1968 Le cabotin
0%
1983 Une maison
0%
2009 Viens fais-moi rêver
0%
2007 La terre meurt
0%
1982 Ce n'est pas une vie
0%
1970 Le temps des loups
0%
1966 Je reviendrai de loin
0%
1956 J'aime Paris au mois de mai
0%
1971 Comme des roses
0%
1991 On ne veut plus de nous ici
0%
1978 Dans ta chambre il y a
0%
2011 Tu ne m'aimes plus
0%
2005 Désintoxication
0%
1977 Je ne connais que toi
0%
1994 Un amour en transit
0%
1951 C'est un gars
0%
1965 Le repos de la guerrière
0%
1955 Je cherche mon amour
0%
2000 Je danse avec l'amour
0%
1948 Je suis amoureux
0%
1963 Trop tard
0%
1962 Les petits matins
0%
1972 Chérie, laisse-moi aimer
0%
1962 Dolorès
0%
1960 J'ai des millions de rien du tout
0%
1976 Marie quand tu t'en vas
0%
1977 Avant la guerre
0%
2007 Sans importance
0%
1964 Tu t'amuses
0%
1948 Tant de monnaie
0%
1963 Au clair de mon âme
0%
1972 Les galets d'Étretat
0%
1963 Les deux pigeons
0%
1972 Me voilà seul
0%
1994 Les années campagne
0%
1966 Les bons moments
0%
2003 Mort Vivant
0%
1994 Aimer
0%
1980 Ça passe
0%
1965 Les filles d'aujourd'hui
0%
1967 Au voleur !
0%
2007 Tendre Arménie
0%
1991 À contre-amour
0%
1976 Mais c'était hier
0%
1972 Les plaisirs démodés
0%
1971 Je ne veux plus parler d'amour
0%
1957 Il y avait trois jeunes garçons
0%
1955 Après l'amour
0%
1949 Il pleut
0%
1959 Quand tu viens chez moi... mon cœur
0%
1954 Quelque part dans la nuit
0%
1987 Dormir avec vous madame
0%
1959 Mon amour
0%
1979 Être
0%
1966 Les enfants de la guerre
0%
1960 Liberté
0%
1957 Perdu
0%
1980 Le souvenir de toi
0%
2000 Le jazz est revenu
0%
1991 Chanson souvenir
0%
1960 Quand tu m'embrasses
0%
1948 Je n'ai qu'un sou
0%
2003 Des amis des deux côtés
0%
1973 Un jour ou l'autre
0%
1963 Bon anniversaire
0%
1949 En revenant de Québec
0%
1967 Il te faudra bien revenir
0%
1956 On ne sait jamais
0%
1969 Non identifié
0%
Aucun quiz correspondant
Distribution des résultats
% des personnes avec chaque résultat
Percentile par nombre de réponses
Votre historique - résultats
Vous n’avez pas pris ce quiz depuis la dernière actualisation